The Concepts of space and time (Record no. 6215)
[ view plain ]
| 000 -LEADER | |
|---|---|
| campo de control de longitud fija | 00737nam a2200241 i 4500 |
| 001 - NÚMERO DE CONTROL | |
| campo de control | 6215 |
| 003 - IDENTIFICADOR DE NÚMERO DE CONTROL | |
| campo de control | ES-MaACL |
| 005 - FECHA Y HORA DE LA ÚLTIMA TRANSACCIÓN | |
| campo de control | 20230906144833.0 |
| 007 - CAMPO FIJO DE DESCRIPCIÓN FÍSICA--INFORMACIÓN GENERAL | |
| campo de control de longitud fija | t| |
| 008 - DATOS DE LONGITUD FIJA--INFORMACIÓN GENERAL | |
| campo de control de longitud fija | 890829s1976 xxu ||||1| eng d |
| 020 ## - NÚMERO INTERNACIONAL ESTÁNDAR DEL LIBRO | |
| Número Internacional Estándar del Libro | 90-277-0375-2 |
| 080 ## - NÚMERO DE LA CLASIFICACIÓN DECIMAL UNIVERSAL | |
| Número de la Clasificación Decimal Universal | 114/115 |
| 245 04 - MENCIÓN DEL TÍTULO | |
| Título | The Concepts of space and time |
| Resto del título | : their structure and their development / |
| Mención de responsabilidad, etc. | edited by Milic Capek. |
| 260 ## - PUBLICACIÓN, DISTRIBUCIÓN, ETC. | |
| Lugar de publicación, distribución, etc. | Dordrecht, Holland : |
| Nombre del editor, distribuidor, etc. | D. Reidel, |
| Fecha de publicación, distribución, etc. | cop. 1976. |
| 300 ## - DESCRIPCIÓN FÍSICA | |
| Extensión | LVII, 570 p. ; |
| Dimensiones | 23 cm. |
| 490 1# - MENCIÓN DE SERIE | |
| Mención de serie | Synthese Library ; |
| Designación de volumen o secuencia | 74 |
| 500 ## - NOTA GENERAL | |
| Nota general | Indice. |
| 650 14 - PUNTO DE ACCESO ADICIONAL DE MATERIA--TÉRMINO DE MATERIA | |
| Término de materia o nombre geográfico como elemento de entrada | Espacio y tiempo. |
| 9 (RLIN) | 12462 |
| 700 1# - ENTRADA AGREGADA--NOMBRE PERSONAL | |
| Nombre de persona | Capek, Milic. |
| 9 (RLIN) | 34812 |
| 830 0# - PUNTO DE ACCESO ADICIONAL DE SERIE-TÍTULO UNIFORME | |
| Título uniforme | Synthese Library ; |
| Designación de volumen o secuencia | 74 |
| 9 (RLIN) | 189215 |
| 852 ## - LOCALIZACIÓN | |
| Ubicación | ES-MaACL |
| Número de control de estantería | L-13309 |
| Sublocalización o colección | R.115884 |
| Nota libre | . - rust. |
| Estatus retirado | Estado de pérdida | Estado de daño | No para préstamo | Biblioteca de origen | Biblioteca actual | Ubicación en estantería | Fecha de adquisición | Fuente de adquisición | Total de préstamos | Signatura topográfica completa | Código de barras | Visto por última vez | Precio de reemplazo | Tipo de ítem Koha |
|---|---|---|---|---|---|---|---|---|---|---|---|---|---|---|
| Biblioteca del Ateneo de Madrid | Biblioteca del Ateneo de Madrid | Depósito 2 | 17/01/2008 | L-13309 | 1006326 | 23/02/2023 | 23/02/2023 | Libro impreso |
